03028cam a22003854i 4500003000900000005001700009008004100026020001500067020001800082035002000100040003300120082002000153245015700173264004900330300003600379336002100415337002500436338002300461504004600484504003400530505185800564526001002422526001002432526001002442526001002452526000802462526000802470526000802478526000802486526000802494526000802502526000802510650007002518650005402588PE-LiUPU20250731172903.0170117s2015 xxu rb 001 0 eng d a0310517958 a9780310517955 a(Sirsi) a166158 aPE-LiUPUbspacPE-LiUPUerda04a227.106bR322300aReading Romans in context :bPaul and Second Temple Judaism /cBen C. Blackwell, John K. Goodrich, & Jason Maston, editors ; foreword by Francis Watson. 1aGrand Rapids, Michigan :bZondervan,c[2015] a192 páginas ;c23 centimetros atext2rdacontent aunmediated2rdamedia avolume2rdacarrier aBibliografía: final de cada capítulo. aÍndices: páginas 181-190.0 atPsalms of Solomon and Romans 1:1-17: the "Son of God" and the identity of Jesus /rWesley Hill --tWisdom of Solomon and Romans 1:18-2:5: God's wrath against all /rJonathan A. Linebaugh --tJubilees and Romans 2:6-29: circumcision, law observance, and ethnicity /rSarah Whittle --t4QMMT and Romans 3:1-20: works of the law and justification /rJason Maston and Aaron Sherwood --tEpistle of Enoch and Romans 3:21-31: The revelation of God's righteousness /rJonathan A. Linebaugh --tSirach and Romans 4:1-25: the faith of Abraham /rMariam J. Kamell --tCommunity rule and Romans 5:1-11: the relationship between justification and suffering /rMark D. Mathews --tPhilo of Alexandria and Romans 5:12-21: Adam, death, and grace /rJonathan Worthington --tWisdom of Solomon and Romans 6:1-23: slavery to personified powers /rJoseph R. Dodson --tSirach and Romans 7:1-25: the human, the law, and sin /rJason Maston --t4 Ezra and Romans 8:1-13: the liberating power of Christ and the Spirit /rKyle B. Wells --tGreek life of Adam and Eve and Romans 8:14-39: (re-)creation and glory /rBen C. Blackwell --tPhilo of Alexandria and Romans 9:1-29: grace, mercy, and reason /rOrrey McFarland --tPhilo of Alexandria and Romans 9:30-10:21: the commandment and the quest for the good life /rDavid Lincicum --tTobit and Romans 11:1-36: Israel's salvation and the fulfillment of God's word /rJohn K. Goodrich --t4 Maccabees and Romans 12:1-21: reason and the righteous life /rBen C. Dunson --tJosephus and Romans 13:1-14: providence and imperial power /rDean Pinter --t1 Maccabees and Romans 14:1-15:13: embodying the hospitable kingdom community /rNijay K. Gupta --tTobit and Romans 15:14-33: Jewish almsgiving and the collection /rDavid E. Briones --tSynagogue Inscriptions and Romans 16:1-27: women and Christian ministry /rSusan Mathew. aSEG42 aSEG41 aSEG40 aSEG39 aP94 aP87 aP86 aP85 aP77 aP76 aP3504aJudaísmoxHistoriayPost-período exílico, 586 B.C.-210 A.D.04aBiblia. Romanos-Crítica, interpretación, etc.